| 000 | 00736nam a22002177a 4500 | ||
|---|---|---|---|
| 999 |
_c3214 _d3214 |
||
| 003 | AR-CdUCM | ||
| 008 | 190306b ||||| |||| 00| 0 spa d | ||
| 020 | _a84-278-0916-6 | ||
| 040 |
_aMUNICIPALIDAD PROVINCIAL DEL CUSCO _cBIBLIOTECA MUNICIPAL DEL CUSCO |
||
| 082 |
_a858.8 / _bSA18O |
||
| 100 |
_aSalgari, Emilio _9800 |
||
| 245 | _aA orillas del Brahmaputra / | ||
| 260 |
_aBarcelona : _bNauta, _c1984. |
||
| 300 |
_a190 páginas ; _c18 cm. |
||
| 440 |
_n6 _910774 |
||
| 505 | _aContenido: La confesión del faquir -- El joven sudra -- La liberación de Surama -- La retirada hacia la jungla -- Una caza emocionante ... | ||
| 650 |
_aNovelas italianas _99329 |
||
| 650 |
_aSiglo XIX _9971 |
||
| 942 |
_2ddc _cLIBROS |
||
| 945 | _aafb | ||